Ursprung und Entwickelung der menschlichen Sprache und Vernunft / (Record no. 68688)

MARC details
000 -LEADER
campo de control de longitud fija 00852nam a2200241 i 4500
001 - NÚMERO DE CONTROL
campo de control 68688
003 - IDENTIFICADOR DE NÚMERO DE CONTROL
campo de control ES-MaACL
005 - FECHA Y HORA DE LA ÚLTIMA TRANSACCIÓN
campo de control 20230906170333.0
007 - CAMPO FIJO DE DESCRIPCIÓN FÍSICA--INFORMACIÓN GENERAL
campo de control de longitud fija t|
008 - DATOS DE LONGITUD FIJA--INFORMACIÓN GENERAL
campo de control de longitud fija 960814m18681872gw |||| | ger d
080 ## - NÚMERO DE LA CLASIFICACIÓN DECIMAL UNIVERSAL
Número de la Clasificación Decimal Universal 81:1
080 ## - NÚMERO DE LA CLASIFICACIÓN DECIMAL UNIVERSAL
Número de la Clasificación Decimal Universal 165.01
100 1# - ENTRADA PRINCIPAL--NOMBRE DE PERSONA
Nombre de persona Geiger, Lazarus.
9 (RLIN) 149900
245 10 - MENCIÓN DEL TÍTULO
Título Ursprung und Entwickelung der menschlichen Sprache und Vernunft /
Mención de responsabilidad, etc. von L. Geiger.
260 ## - PUBLICACIÓN, DISTRIBUCIÓN, ETC.
Lugar de publicación, distribución, etc. Stuttgart :
Nombre del editor, distribuidor, etc. J.G. Cotta'schen Buchhandlung,
Fecha de publicación, distribución, etc. 1868-1872.
300 ## - DESCRIPCIÓN FÍSICA
Extensión 2 v. ;
Dimensiones 22 cm.
530 ## - NOTA DISPONIBLE DE FORMULARIO FÍSICO ADICIONAL
Nota de formato físico adicional disponible Disponible en formato digital.
650 #4 - PUNTO DE ACCESO ADICIONAL DE MATERIA--TÉRMINO DE MATERIA
Término de materia o nombre geográfico como elemento de entrada Lenguaje-
Subdivisión general Filosofía.
9 (RLIN) 14344
650 #4 - PUNTO DE ACCESO ADICIONAL DE MATERIA--TÉRMINO DE MATERIA
Término de materia o nombre geográfico como elemento de entrada Razón.
9 (RLIN) 16678
852 ## - LOCALIZACIÓN
Ubicación ES-MaACL
Número de control de estantería Z-214-15
Encuadernación Olim: G-2612-13
856 ## - LOCALIZACIÓN Y ACCESO ELECTRÓNICOS
Identificador Uniforme de Recursos <a href="http://archive.org/details/ursprungundentw01geiggoog ">http://archive.org/details/ursprungundentw01geiggoog </a>
Nota pública Internet Archive
-- (v. 1)
856 ## - LOCALIZACIÓN Y ACCESO ELECTRÓNICOS
Identificador Uniforme de Recursos <a href="http://archive.org/details/ursprungundentw00geiggoog ">http://archive.org/details/ursprungundentw00geiggoog </a>
Nota pública Internet Archive
-- (v. 2)
Holdings
Estatus retirado Estado de pérdida Estado de daño No para préstamo Colección Biblioteca de origen Biblioteca actual Ubicación en estantería Fecha de adquisición Fuente de adquisición Total de préstamos Signatura topográfica completa Código de barras Visto por última vez Precio de reemplazo Tipo de ítem Koha
        Colección digital Biblioteca del Ateneo de Madrid Biblioteca del Ateneo de Madrid Depósito Z 17/01/2008     Z-214-15 1071912 23/02/2023 23/02/2023 Libro impreso antiguo